00921nam a2200289Ia 4500001000900000003000500009008004100014010001100055040000900066090002000075100002600095245008300121260005800204300000900262410001900271650003300290700002500323700003000348901002000378902000600398905006300404910000900467942000900476942001200485999001900497952011500516Para_159CHAP220125s1990 xx 000 0 und d a198677 cCHAP aPA FOLLETO 3128 aReynolds, L.B.997082 aSweet potato production guide /c by L.B. Reynolds, N. Rosa and A. W. Mckeown aOntario, Canada :b Ministry of Agriculture and Food a4 h. aFactsheet; 258 aCamote x Rendimiento917903 aI. Rosa, N. 9163965 aII. Mckeown, A.W.9163966 aPA FOLLETO 3128 aA a0000001990 0000000000 00 a1990 cPARA cPARAd1 c198677d198677 00102local40708FOLLaPAbPAc12d2005-10-27fPARAl0pPA_6838r2022-01-25 00:00:00t1w2022-01-25yFOLLz3